000 01022cam a2200313 i 4500
008 800313s1979 be b 000 0 fre
010 _a 80464322
040 _aDLC
_cDLC
_dDLC
043 _ae-be---
050 0 0 _aPC3581
_b.P5
082 0 0 _a440.9493
092 0 4 _a440.9493
_bP672
_221
099 _a04
_a440.9493 P672
100 1 _aPiron, Maurice,
_d1914-1986.
245 1 0 _aAspects et profil de la culture romane en Belgique /
_cMaurice Piron.
260 _aLiege :
_bSciences et lettres,
_c1979.
300 _a167 p. ;
_c25 cm.
500 _aRevised version of previously published articles.
504 _aIncludes bibliographical references.
650 0 _aBelgian literature (French)
_xHistory and criticism.
650 0 _aFrench language
_zBelgium.
650 0 _aWalloon dialect.
650 0 _aWalloon literature
_xHistory and criticism.
902 _a1
905 _aEman
_eRev.
905 _aJamal
_eCat.
942 _2ddc
_cBK
999 _c136233
_d136233